Tuber and root crops / (Record no. 13249)
[ view plain ]
| 000 -LEADER | |
|---|---|
| fixed length control field | 00452cam a2200169ua 4500 |
| 003 - CONTROL NUMBER IDENTIFIER | |
| control field | OSt |
| 008 - FIXED-LENGTH DATA ELEMENTS--GENERAL INFORMATION | |
| fixed length control field | 240216b |||||||| |||| 00| 0 eng d |
| 041 ## - LANGUAGE CODE | |
| Language code of text/sound track or separate title | eng |
| 082 ## - DEWEY DECIMAL CLASSIFICATION NUMBER | |
| Classification number | 635 |
| Item number | PET/TU |
| 100 ## - MAIN ENTRY--AUTHOR NAME | |
| Personal name | Peter, K V. |
| 245 00 - TITLE STATEMENT | |
| Title | Tuber and root crops / |
| 260 ## - PUBLICATION, DISTRIBUTION, ETC. (IMPRINT) | |
| Place of publication | New Delhi : |
| Name of publisher | New India Publishing Agency , |
| Year of publication | 2008. |
| 300 ## - PHYSICAL DESCRIPTION | |
| Number of Pages | 498 ; |
| Accompanying material | CD. |
| 490 0# - SERIES STATEMENT | |
| Series statement | Horicultural Science Series No. 9, |
| 700 1# - ADDED ENTRY--PERSONAL NAME | |
| Personal name | Palaniswami, M. S |
| 942 ## - ADDED ENTRY ELEMENTS (KOHA) | |
| Koha item type | Books |
| Withdrawn status | Lost status | Damaged status | Home library | Current library | Date acquired | Cost, normal purchase price | Full call number | Accession Number | Koha item type |
|---|---|---|---|---|---|---|---|---|---|
| KAUAET | KAUAET | 07/04/2012 | 2100.00 | 635 PET/TU | 21807 | Books |
